000
00290nam a22001337a 4500
008
170606b xxu||||| |||| 00| 0 eng d
020
_a
9780521603959
041
_a
eng
080
_a
32
100
_a
18
101
_a
SHP
245
_a
COMPARATIVE POLITICS
_c
KOPSTEIN.J
942
_2
udc
_c
BK
999
_c
16184
_d
16184